<?xml version="1.0" encoding="UTF-8"?>
<record
    xmlns:xsi="http://www.w3.org/2001/XMLSchema-instance"
    xsi:schemaLocation="http://www.loc.gov/MARC21/slim http://www.loc.gov/standards/marcxml/schema/MARC21slim.xsd"
    xmlns="http://www.loc.gov/MARC21/slim">

  <leader>00445nam a22001577a 4500</leader>
  <controlfield tag="005">20251027111644.0</controlfield>
  <controlfield tag="008">251027b        |||||||| |||| 00| 0 eng d</controlfield>
  <datafield tag="050" ind1=" " ind2=" ">
    <subfield code="a">RT31</subfield>
    <subfield code="b">.N953</subfield>
  </datafield>
  <datafield tag="245" ind1=" " ind2=" ">
    <subfield code="a">A History of Nursing</subfield>
    <subfield code="c">edited by Lavinia L. Dock</subfield>
  </datafield>
  <datafield tag="250" ind1=" " ind2=" ">
    <subfield code="a">Volume IV</subfield>
  </datafield>
  <datafield tag="260" ind1=" " ind2=" ">
    <subfield code="a">New York</subfield>
    <subfield code="a">London</subfield>
    <subfield code="b">G. P. Putman's Sons</subfield>
    <subfield code="c">1912</subfield>
  </datafield>
  <datafield tag="300" ind1=" " ind2=" ">
    <subfield code="a">vii. 338p.</subfield>
    <subfield code="b">ill.</subfield>
    <subfield code="c">20.5cm</subfield>
  </datafield>
  <datafield tag="500" ind1=" " ind2=" ">
    <subfield code="a">includes index</subfield>
  </datafield>
  <datafield tag="700" ind1=" " ind2=" ">
    <subfield code="a">Dock, Lavinia L.</subfield>
  </datafield>
  <datafield tag="942" ind1=" " ind2=" ">
    <subfield code="2">lcc</subfield>
    <subfield code="c">BK</subfield>
    <subfield code="n">0</subfield>
  </datafield>
  <datafield tag="999" ind1=" " ind2=" ">
    <subfield code="c">7807</subfield>
    <subfield code="d">7807</subfield>
  </datafield>
  <datafield tag="952" ind1=" " ind2=" ">
    <subfield code="0">0</subfield>
    <subfield code="1">0</subfield>
    <subfield code="2">lcc</subfield>
    <subfield code="4">0</subfield>
    <subfield code="7">0</subfield>
    <subfield code="8">NFIC</subfield>
    <subfield code="a">MSL</subfield>
    <subfield code="b">MSL</subfield>
    <subfield code="c">GEN</subfield>
    <subfield code="d">2025-10-27</subfield>
    <subfield code="l">0</subfield>
    <subfield code="o">RT31 .N953 NUT</subfield>
    <subfield code="p">SLM00004551</subfield>
    <subfield code="r">2025-10-27 11:18:00</subfield>
    <subfield code="t">1</subfield>
    <subfield code="w">2025-10-27</subfield>
    <subfield code="y">BK</subfield>
  </datafield>
</record>
